000 00693nam a2200217Ia 4500
001 15448
003 GE_BSU
008 181216s||||||||xx |||||||||||||| ||und||
040 _cGE_BSU
080 _a821.353.1-31
100 _aჩახავა,ჯემალ
245 _aქურდები და არიფები
245 _bრომანი
245 _cრედ.რ.სირაძე. მხატვ. ზ.ხარაბაძე
260 _aთბილისი
260 _b”ბეჭდვითი სიტყვა”
260 _c1991
300 _a176გვ.20სმ.
653 _aქურდები და არიფები
942 _cBK
999 _c48551
_d48551